Fundamentos de administración financiera (Registro nro. 5580)

Detalles MARC
000 -CABECERA
Longitud fija campo de control 00886nam a2200253 4500
001 - NÚMERO DE CONTROL
Número de control 00000000174419
003 - IDENTIFICADOR DELl NÚMERO DE CONTROL
Identificador del número de control OSt
005 - FECHA Y HORA DE LA ÚLTIMA TRANSACCIÓN
Fecha y hora de la última transacción 20140911213002.0
008 - CÓDIGOS DE INFORMACIÓN DE LONGITUD FIJA
Códigos de información de longitud fija 030408s2004 mex spa
020 ## - NÚMERO INTERNACIONAL NORMALIZADO PARA LIBROS
Número Internacional Normalizado para Libros (ISBN) 968-880-341-3
040 ## - FUENTE DE LA CATALOGACIÓN
Centro catalogador de origen BP-BU
Centro transcriptor BMC
082 ## - NÚMERO DE LA CLASIFICACIÓN DECIMAL DEWEY
Númeroo de clasificación 658.15
100 1# - PUNTO DE ACCESO PRINCIPAL-NOMBRE DE PERSONA
9 (RLIN) 7841
Nombre de persona Van Horne, James C.
245 10 - MENCIÓN DE TÍTULO
Título Fundamentos de administración financiera
Mención de responsabilidad, etc. James C. Van Horne, John M. Wachowicz Jr. ; traducción, Alejandro R. Rodas Carpizo ; revisión técnica, Héctor A. Sánchez-Rüed
250 ## - MENCIÓN DE EDICIÓN
Mención de edición 8ª ed
260 ## - PUBLICACIÓN, DISTRIBUCIÓN, ETC. (PIE DE IMPRENTA)
Lugar de publicación, distribución, etc. Naucalpan de Juárez (México) [etc.]
Nombre del editor, distribuidor, etc. Prentice Hall Hispanoamericana
Fecha de publicación, distribución, etc. 1994
300 ## - DESCRIPCIÓN FÍSICA
Extensión 859 p.
Dimensiones 26 cm
500 ## - NOTA GENERAL
Nota general Índice p. 847-859
650 24 - PUNTO DE ACCESO ADICIONAL DE MATERIA - TÉRMINO DE MATERIA
9 (RLIN) 5713
Término de materia o nombre geográfico como elemento inicial Empresas
Subdivisión de materia general Finanzas
700 1# - PUNTO DE ACCESO ADICIONAL - NOMBRE DE PERSONA
9 (RLIN) 8361
Nombre de persona Sánchez Rüed, Héctor A.
700 1# - PUNTO DE ACCESO ADICIONAL - NOMBRE DE PERSONA
9 (RLIN) 7842
Nombre de persona Wachowicz, John Martin
700 1# - PUNTO DE ACCESO ADICIONAL - NOMBRE DE PERSONA
9 (RLIN) 5568
Nombre de persona Rodas Carpizo, Alejandro Roberto
942 ## - ENTRADA DE ELEMENTOS AGREGADOS (KOHA)
Fuente de clasificaión o esquema Dewey Decimal Classification
Koha [por defecto] tipo de item 1- Monografias
Existencias
Suprimido Perdido Fuente de clasificación o esquema Estropeado Restricciones de uso No para préstamo Código de colección Localización permanente Localización actual Localización en estanter&íacute;as Fecha adquisición Fuente de adquisición Número de inventario Préstamos totales Signatura completa Código de barras Fecha última consulta Coste, precio reemplazado Fecha del precio de reemplazo Tipo de item de Koha
NULL NULL Dewey Decimal Classification NULL Prestable NULL NULL Biblioteca Centro Regional de Ilobasco Biblioteca Centro Regional de Ilobasco Sala Principal 15/02/2023 Donado por Biblioteca Miguel de Cervantes LI005620   658.15 VAN fun 1050234 20/02/2023   20/02/2023 1- Monografias
NULL NULL Dewey Decimal Classification NULL Prestable NULL NULL Biblioteca Miguel de Cervantes - UNICAES Biblioteca Miguel de Cervantes - UNICAES Sala Principal 20/10/1997 Donación - ICU 009186   658.15 VAN fun 1009186 04/01/2014 32.88 04/01/2014 1- Monografias
NULL NULL Dewey Decimal Classification NULL Prestable NULL NULL Biblioteca Miguel de Cervantes - UNICAES Biblioteca Miguel de Cervantes - UNICAES Sala Principal 25/01/2003 Donación - COREI 009187   658.15 VAN fun 1009187 07/09/2016 32.88 04/01/2014 1- Monografias
NULL NULL Dewey Decimal Classification NULL Prestable NULL NULL Biblioteca Miguel de Cervantes - UNICAES Biblioteca Miguel de Cervantes - UNICAES Sala Principal 21/09/2009 Donación - COREI, S.A de C.V 022873   658.15 VAN fun 1023331 09/10/2014 32.88 09/10/2014 1- Monografias
NULL NULL Dewey Decimal Classification NULL Prestable NULL NULL Biblioteca Miguel de Cervantes - UNICAES Biblioteca Miguel de Cervantes - UNICAES Sala Principal 25/01/2003 Donación - COREI 022874   658.15 VAN fun 1023332 09/10/2014 32.88 09/10/2014 1- Monografias